Principles of colour television systems /

Uloženo v:
Podrobná bibliografie
Hlavní autor: Reed, C. R. G. (Christopher Ronald Glynne)
Médium: Kniha
Jazyk:English
Vydáno: London : Pitman, 1969.
Témata:
LEADER 00911nam a2200241 a 4500
001 c000300181
003 CARM
005 20061111042941.0
008 690902s1969 enkaf b 001 0 eng
015 |a B69-09645 
019 1 |a 561591  |z 48013568  |5 LACONCORD2021 
020 |z 273434055 :  |c 50/- 
035 |a (OCoLC)26494  |5 LACONCORD2021 
082 0 0 |a 621.388 
100 1 |a Reed, C. R. G.  |q (Christopher Ronald Glynne). 
245 1 0 |a Principles of colour television systems /  |c [by] C. R. G. Reed. 
260 |a London :  |b Pitman,  |c 1969. 
300 |a xii, 196 p. :  |b 6 plates, illus. (incl. 3 col.) ;  |c 23 cm. 
504 |a Bibliography: p. 163-164. 
650 0 |a Color television. 
852 8 |b CARM  |h A3:AD31B0  |i B11379  |p 0550838  |f BK 
999 f f |i 6eecc41a-458f-51a1-b7a7-c5649bf05898  |s 29563b2c-b3b9-593a-97c6-c121e57ae28b 
952 f f |p Can circulate  |a CAVAL  |b CAVAL  |c CAVAL  |d CARM 1 Store  |e B11379  |f A3:AD31B0  |h Other scheme  |i book  |m 0550838